Computational Intelligence: a logical approach (Record no. 268)

MARC details
000 -LEADER
fixed length control field 00462nam a22001697a 4500
005 - DATE AND TIME OF LATEST TRANSACTION
control field 20180208120921.0
008 - FIXED-LENGTH DATA ELEMENTS--GENERAL INFORMATION
fixed length control field 160429b xxu||||| |||| 00| 0 eng d
020 ## - INTERNATIONAL STANDARD BOOK NUMBER
ISBN 0-19-510270-3
041 ## - LANGUAGE CODE
Language code of text/sound track or separate title eng
082 ## - DEWEY DECIMAL CLASSIFICATION NUMBER
Item number 00817
Classification number 006.3
100 ## - MAIN ENTRY--AUTHOR NAME
Personal name Poole, David and others
245 ## - TITLE STATEMENT
Title Computational Intelligence: a logical approach
260 ## - PUBLICATION, DISTRIBUTION, ETC. (IMPRINT)
Place of publication New York
Name of publisher Oxford University Press,
Year of publication 1998
300 ## - PHYSICAL DESCRIPTION
Number of Pages 558
650 ## - SUBJECT ADDED ENTRY--TOPICAL TERM
Topical Term Information Technology
942 ## - ADDED ENTRY ELEMENTS (KOHA)
Koha item type Books
Holdings
Lost status Damaged status Collection code Home library Current library Shelving location Date acquired Cost, normal purchase price Full call number Accession Number Koha item type
    CS/IT JRU Library JRU Library SHELF-53-A 29/04/2016 299.00 006.3 00817 Books
    CS/IT JRU Library JRU Library SHELF-53-D 29/04/2016 299.00 00817 00818 Books
    CS/IT JRU Library JRU Library SHELF-53-A 29/04/2016 299.00 006.3 00819 Books
    CS/IT JRU Library JRU Library SHELF-53-A 29/04/2016 299.00 006.3 00820 Books
    CS/IT JRU Library JRU Library SHELF-53-A 29/04/2016 299.00 006.3 00821 Books